Retail category management

Enregistré dans:
Détails bibliographiques
Auteur principal: Fowler, Deborah C.
Autres auteurs: Goh, Ben K.
Format: Livre
Langue:anglais
Publié: Upper Saddle River Prentice Hall 2012
Sujets:
Tags: Ajouter un tag
Pas de tags, Soyez le premier à ajouter un tag!

MARC

LEADER 00000nam a2200000 4500
001 0186369
005 20240306140426.7
020 |a 978-0-13-515208-9 
020 |a 0-13-515208-9 
041 0 |a eng 
044 |a US 
245 1 0 |a Retail category management  |c Deborah C. Fowler, Ben K. Goh 
264 1 |a Upper Saddle River  |b Prentice Hall  |c 2012 
300 |a viii, 120 s. 
610 2 0 |a maloobchod 
610 2 0 |a riadenie obchodu 
610 2 0 |a riadenie predaja 
610 2 0 |a marketing 
610 2 0 |a zákazníci 
610 2 0 |a siete maloobchodné 
100 1 |a Fowler, Deborah C. 
700 1 |a Goh, Ben K.